[Event "Baku Chess Olympiad | Open"]
[Site "chess24.com"]
[Date "2016.09.12"]
[Round "10"]
[White "Maccapani, Massimiliano"]
[Black "Su, Haifeng"]
[Result "1-0"]
[Board "3"]
[WhiteID "11800089"]
[WhiteElo "1971"]
[WhiteTitle "CM"]
[WhiteCountry "SMR"]
[WhiteFideId "11800089"]
[WhiteEloChange "5"]
[BlackID "19700202"]
[BlackElo "1800"]
[BlackCountry "GUY"]
[BlackFideId "19700202"]
[BlackEloChange "-5"]

1. d4 {[%clk 1:30:59]} g6 {[%clk 1:29:42]} 2. c4 {[%clk 1:31:20]} d6 {[%clk
1:29:21]} 3. Nc3 {[%clk 1:31:42]} Bg7 {[%clk 1:29:19]} 4. e4 {[%clk 1:31:13]} Nf6
{[%clk 1:28:44]} 5. Be2 {[%clk 1:30:30]} O-O {[%clk 1:27:39]} 6. Bg5 {[%clk
1:30:46]} Nbd7 {[%clk 1:24:44]} 7. Nf3 {[%clk 1:28:45]} c5 {[%clk 1:12:04]} 8. d5
{[%clk 1:28:31]} Re8 {[%clk 1:04:10]} 9. O-O {[%clk 1:24:59]} Qa5 {[%clk
1:00:06]} 10. Nd2 {[%clk 1:13:58]} h6 {[%clk 0:54:04]} 11. Bh4 {[%clk 1:06:46]}
Ne5 {[%clk 0:51:27]} 12. h3 {[%clk 1:06:19]} Kh7 {[%clk 0:41:22]} 13. f4 {[%clk
1:03:08]} Ned7 {[%clk 0:39:55]} 14. Qc2 {[%clk 0:55:41]} Rf8 {[%clk 0:27:17]} 15.
Rae1 {[%clk 0:50:48]} Ng8 {[%clk 0:21:17]} 16. Bd3 {[%clk 0:49:45]} Qd8 {[%clk
0:16:19]} 17. Nf3 {[%clk 0:49:01]} Kh8 {[%clk 0:13:11]} 18. e5 {[%clk 0:47:34]}
dxe5 {[%clk 0:13:11]} 19. fxe5 {[%clk 0:47:35]} g5 {[%clk 0:11:06]} 20. Bg3
{[%clk 0:46:57]} b6 {[%clk 0:11:06]} 21. e6 {[%clk 0:46:57]} fxe6 {[%clk
0:09:14]} 22. dxe6 {[%clk 0:39:07]} Ndf6 {[%clk 0:08:56]} 23. Ne5 {[%clk
0:39:07]} 1-0

[Event "Baku Chess Olympiad | Open"]
[Site "chess24.com"]
[Date "2016.09.12"]
[Round "10"]
[White "Neto, Roberto"]
[Black "Volpinari, Danilo"]
[Result "0-1"]
[Board "4"]
[WhiteID "19700318"]
[WhiteElo "1561"]
[WhiteCountry "GUY"]
[WhiteFideId "19700318"]
[WhiteEloChange "-2"]
[BlackID "11800054"]
[BlackElo "1976"]
[BlackTitle "CM"]
[BlackCountry "SMR"]
[BlackFideId "11800054"]
[BlackEloChange "2"]

1. e4 {[%clk 1:30:52]} c5 {[%clk 1:30:51]} 2. Nf3 {[%clk 1:29:53]} g6 {[%clk
1:31:10]} 3. d4 {[%clk 1:24:21]} cxd4 {[%clk 1:31:32]} 4. Nxd4 {[%clk 1:15:55]}
Bg7 {[%clk 1:31:52]} 5. Nc3 {[%clk 1:11:58]} Nc6 {[%clk 1:31:36]} 6. Be3 {[%clk
1:08:26]} Nf6 {[%clk 1:30:57]} 7. Be2 {[%clk 1:08:25]} O-O {[%clk 1:27:54]} 8.
O-O {[%clk 1:07:28]} d5 {[%clk 1:25:19]} 9. exd5 {[%clk 0:39:20]} Nxd5 {[%clk
1:25:31]} 10. Nxd5 {[%clk 0:38:44]} Qxd5 {[%clk 1:25:46]} 11. Nxc6 {[%clk
0:37:27]} Qxc6 {[%clk 1:23:33]} 12. c3 {[%clk 0:33:32]} Bf5 {[%clk 1:21:38]} 13.
Bf3 {[%clk 0:28:02]} Qc7 {[%clk 1:12:21]} 14. Qb3 {[%clk 0:21:28]} a5 {[%clk
0:54:28]} 15. Rad1 {[%clk 0:12:45]} a4 {[%clk 0:54:28]} 16. Qb4 {[%clk 0:11:14]}
a3 {[%clk 0:36:36]} 17. bxa3 {[%clk 0:04:05]} Bxc3 {[%clk 0:33:47]} 18. Qxb7
{[%clk 0:04:06]} Qxb7 {[%clk 0:17:03]} 19. Bxb7 {[%clk 0:04:20]} Rxa3 {[%clk
0:16:58]} 20. Bd5 {[%clk 0:01:44]} Rc8 {[%clk 0:11:32]} 21. Bb3 {[%clk 0:00:50]}
Bf6 {[%clk 0:10:15]} 22. Bh6 {[%clk 0:00:51]} Raa8 {[%clk 0:07:06]} 23. Be3
{[%clk 0:00:32]} Kg7 {[%clk 0:07:15]} 24. Rc1 {[%clk 0:00:38]} h5 {[%clk
0:03:29]} 25. h3 {[%clk 0:00:47]} Bb2 {[%clk 0:02:49]} 26. Rxc8 {[%clk 0:00:46]}
Rxc8 {[%clk 0:03:17]} 27. Rd1 {[%clk 0:00:38]} Bf6 {[%clk 0:01:37]} 28. Bd4
{[%clk 0:00:45]} Bxd4 {[%clk 0:01:04]} 29. Rxd4 {[%clk 0:01:03]} Rc1+ {[%clk
0:01:27]} 30. Rd1 {[%clk 0:00:31]} Rc3 {[%clk 0:00:54]} 31. Ra1 {[%clk 0:00:32]}
Kf6 {[%clk 0:00:59]} 32. f3 {[%clk 0:00:46]} h4 {[%clk 0:00:55]} 33. Kf2 {[%clk
0:00:31]} e5 {[%clk 0:00:49]} 0-1

[Event "Baku Chess Olympiad | Open"]
[Site "chess24.com"]
[Date "2016.09.12"]
[Round "10"]
[White "Joseph, Elton"]
[Black "Sanon, Mondoly"]
[Result "0-1"]
[Board "1"]
[WhiteID "10400036"]
[WhiteElo "1842"]
[WhiteTitle "CM"]
[WhiteCountry "BAH"]
[WhiteFideId "10400036"]
[WhiteEloChange "-5"]
[BlackID "11900059"]
[BlackElo "2036"]
[BlackCountry "HAI"]
[BlackFideId "11900059"]
[BlackEloChange "5"]

1. d4 {[%clk 1:30:52]} Nf6 {[%clk 1:28:55]} 2. c4 {[%clk 1:31:09]} e6 {[%clk
1:29:22]} 3. Nf3 {[%clk 1:31:27]} d5 {[%clk 1:29:28]} 4. e3 {[%clk 1:31:04]} g6
{[%clk 1:28:29]} 5. Nc3 {[%clk 1:31:04]} c6 {[%clk 1:28:52]} 6. Bd3 {[%clk
1:31:21]} Bg7 {[%clk 1:29:10]} 7. O-O {[%clk 1:31:04]} O-O {[%clk 1:29:35]} 8. e4
{[%clk 1:29:53]} dxc4 {[%clk 1:29:23]} 9. Bxc4 {[%clk 1:29:40]} b5 {[%clk
1:29:24]} 10. Bb3 {[%clk 1:29:43]} b4 {[%clk 1:29:38]} 11. e5 {[%clk 1:26:39]}
bxc3 {[%clk 1:28:39]} 12. exf6 {[%clk 1:26:54]} cxb2 {[%clk 1:29:04]} 13. Bxb2
{[%clk 1:24:59]} Bxf6 {[%clk 1:29:20]} 14. Qc2 {[%clk 1:23:53]} Bb7 {[%clk
1:18:32]} 15. Ne5 {[%clk 1:20:31]} Bxe5 {[%clk 1:14:48]} 16. dxe5 {[%clk
1:20:45]} Nd7 {[%clk 1:14:44]} 17. Rfd1 {[%clk 1:19:43]} Qc7 {[%clk 1:14:10]} 18.
Rd6 {[%clk 1:18:43]} Nb6 {[%clk 1:08:59]} 19. Rad1 {[%clk 1:16:42]} c5 {[%clk
1:02:29]} 20. Rc1 {[%clk 1:06:15]} Rac8 {[%clk 0:57:07]} 21. Rxe6 {[%clk
0:45:34]} fxe6 {[%clk 0:46:31]} 22. Bxe6+ {[%clk 0:45:30]} Rf7 {[%clk 0:46:10]}
23. Qc3 {[%clk 0:34:30]} Nd5 {[%clk 0:34:05]} 24. Bxf7+ {[%clk 0:34:42]} Kxf7
{[%clk 0:32:44]} 25. e6+ {[%clk 0:34:55]} Kxe6 {[%clk 0:32:52]} 26. Re1+ {[%clk
0:29:47]} Kd6 {[%clk 0:30:18]} 27. Qg3+ {[%clk 0:20:31]} Kc6 {[%clk 0:25:51]} 28.
Qb3 {[%clk 0:14:58]} Rd8 {[%clk 0:20:27]} 29. Qa4+ {[%clk 0:13:26]} Kb6 {[%clk
0:20:07]} 30. Qb3+ {[%clk 0:12:42]} Nb4 {[%clk 0:16:24]} 31. a3 {[%clk 0:11:35]}
Qc6 {[%clk 0:16:23]} 32. Re6 {[%clk 0:11:54]} Rd6 {[%clk 0:16:46]} 33. Rxd6
{[%clk 0:11:52]} Qxd6 {[%clk 0:17:13]} 34. axb4 {[%clk 0:11:51]} cxb4 {[%clk
0:17:39]} 35. Qe3+ {[%clk 0:09:15]} Kb5 {[%clk 0:17:35]} 36. Qe2+ {[%clk
0:08:44]} Ka5 {[%clk 0:15:52]} 37. Be5 {[%clk 0:06:50]} Qd5 {[%clk 0:15:47]} 38.
Bc7+ {[%clk 0:05:38]} Ka4 {[%clk 0:16:00]} 39. Qf1 {[%clk 0:04:12]} b3 {[%clk
0:13:43]} 40. Qa1+ {[%clk 0:33:49]} Kb5 {[%clk 0:43:16]} 41. Qf1+ {[%clk
0:23:39]} Qc4 {[%clk 0:43:00]} 42. Be5 {[%clk 0:23:44]} Qxf1+ {[%clk 0:43:08]}
43. Kxf1 {[%clk 0:24:00]} a5 {[%clk 0:43:32]} 44. Ke1 {[%clk 0:23:34]} a4 {[%clk
0:43:53]} 45. Kd2 {[%clk 0:23:07]} a3 {[%clk 0:44:20]} 46. f3 {[%clk 0:22:04]} b2
{[%clk 0:44:06]} 47. Kc2 {[%clk 0:22:09]} Bc8 {[%clk 0:44:06]} 48. Bxb2 {[%clk
0:19:22]} axb2 {[%clk 0:44:26]} 49. Kxb2 {[%clk 0:19:49]} Kc4 {[%clk 0:44:32]}
50. Kc2 {[%clk 0:20:17]} Kd4 {[%clk 0:44:44]} 51. Kd2 {[%clk 0:20:46]} Ba6 {[%clk
0:44:17]} 52. g3 {[%clk 0:20:52]} Bb5 {[%clk 0:44:24]} 53. h3 {[%clk 0:20:00]}
Bd7 {[%clk 0:43:06]} 54. h4 {[%clk 0:19:28]} Ke5 {[%clk 0:42:13]} 55. Ke3 {[%clk
0:19:19]} h5 {[%clk 0:42:11]} 56. Kd3 {[%clk 0:17:59]} Bc6 {[%clk 0:40:35]} 57.
Ke3 {[%clk 0:18:27]} Bb5 {[%clk 0:39:45]} 58. Kf2 {[%clk 0:13:58]} Kd4 {[%clk
0:39:13]} 59. g4 {[%clk 0:13:54]} Bd7 {[%clk 0:39:23]} 60. Kg3 {[%clk 0:13:41]}
Ke3 {[%clk 0:39:50]} 61. Kg2 {[%clk 0:12:14]} Bc6 {[%clk 0:40:17]} 62. Kg3 {[%clk
0:10:59]} Bxf3 {[%clk 0:40:25]} 63. gxh5 {[%clk 0:11:21]} gxh5 {[%clk 0:40:31]}
64. Kh2 {[%clk 0:11:38]} Kf4 {[%clk 0:40:49]} 65. Kh3 {[%clk 0:11:54]} Bc6 {[%clk
0:40:49]} 0-1

[Event "Baku Chess Olympiad | Open"]
[Site "chess24.com"]
[Date "2016.09.12"]
[Round "10"]
[White "Luxama, Jacques Muller"]
[Black "Knowles, Kendrick"]
[Result "0-1"]
[Board "2"]
[WhiteID "11900113"]
[WhiteElo "2024"]
[WhiteTitle "CM"]
[WhiteCountry "HAI"]
[WhiteFideId "11900113"]
[WhiteEloChange "-15"]
[BlackID "10400451"]
[BlackElo "1825"]
[BlackTitle "CM"]
[BlackCountry "BAH"]
[BlackFideId "10400451"]
[BlackEloChange "15"]

1. d4 {[%clk 1:30:52]} Nf6 {[%clk 1:30:22]} 2. c4 {[%clk 1:31:05]} e6 {[%clk
1:30:07]} 3. Nf3 {[%clk 1:30:00]} Bb4+ {[%clk 1:30:03]} 4. Bd2 {[%clk 1:29:55]}
Be7 {[%clk 1:29:11]} 5. Nc3 {[%clk 1:29:59]} d5 {[%clk 1:29:25]} 6. e3 {[%clk
1:29:48]} b6 {[%clk 1:29:23]} 7. cxd5 {[%clk 1:29:17]} exd5 {[%clk 1:28:46]} 8.
Bd3 {[%clk 1:28:07]} Bb7 {[%clk 1:28:47]} 9. Qa4+ {[%clk 1:27:43]} c6 {[%clk
1:27:38]} 10. O-O {[%clk 1:27:01]} Nbd7 {[%clk 1:27:51]} 11. b4 {[%clk 1:26:45]}
O-O {[%clk 1:28:06]} 12. Rfc1 {[%clk 1:26:13]} Re8 {[%clk 1:27:06]} 13. Rab1
{[%clk 1:21:15]} a5 {[%clk 1:24:05]} 14. bxa5 {[%clk 1:19:12]} Rxa5 {[%clk
1:24:05]} 15. Qb3 {[%clk 1:19:12]} Ra3 {[%clk 1:21:59]} 16. Qc2 {[%clk 1:18:09]}
Qa8 {[%clk 1:21:35]} 17. Rb3 {[%clk 1:17:07]} Ra7 {[%clk 1:13:07]} 18. Ne5 {[%clk
1:14:42]} g6 {[%clk 1:12:06]} 19. Nxd7 {[%clk 1:14:30]} Nxd7 {[%clk 1:12:22]} 20.
Rcb1 {[%clk 1:04:29]} Bd6 {[%clk 1:08:57]} 21. Qd1 {[%clk 1:03:04]} Qb8 {[%clk
1:06:36]} 22. h3 {[%clk 1:02:30]} Ba6 {[%clk 1:06:46]} 23. Bxa6 {[%clk 1:01:56]}
Rxa6 {[%clk 1:07:12]} 24. Qg4 {[%clk 1:01:18]} f5 {[%clk 1:06:58]} 25. Qe2 {[%clk
1:00:19]} Qc8 {[%clk 1:06:08]} 26. Qd3 {[%clk 0:59:43]} Ra7 {[%clk 1:05:34]} 27.
f3 {[%clk 0:59:37]} Qa6 {[%clk 1:03:16]} 28. Qxa6 {[%clk 0:53:28]} Rxa6 {[%clk
1:03:44]} 29. Kf2 {[%clk 0:52:37]} b5 {[%clk 1:03:14]} 30. R3b2 {[%clk 0:51:58]}
Nb6 {[%clk 1:03:17]} 31. Rc2 {[%clk 0:48:35]} Nc4 {[%clk 1:02:51]} 32. Bc1 {[%clk
0:48:27]} Ba3 {[%clk 1:02:41]} 33. Re2 {[%clk 0:48:20]} Rea8 {[%clk 1:01:27]} 34.
Bxa3 {[%clk 0:47:44]} Rxa3 {[%clk 1:01:31]} 35. Rc2 {[%clk 0:40:18]} Re8 {[%clk
0:58:09]} 36. Nd1 {[%clk 0:38:47]} Rd3 {[%clk 0:57:17]} 37. Re2 {[%clk 0:37:12]}
Kg7 {[%clk 0:46:15]} 38. g3 {[%clk 0:36:15]} Kf6 {[%clk 0:42:48]} 39. Rc1 {[%clk
0:31:11]} Ra8 {[%clk 0:38:50]} 40. Nb2 {[%clk 0:24:19]} Rda3 {[%clk 0:37:34]} 41.
Nxc4 {[%clk 0:54:10]} dxc4 {[%clk 1:07:54]} 42. Rcc2 {[%clk 0:54:17]} c3 {[%clk
1:05:55]} 43. e4 {[%clk 0:54:06]} b4 {[%clk 1:05:57]} 44. d5 {[%clk 0:53:53]}
cxd5 {[%clk 1:05:45]} 45. exd5 {[%clk 0:54:19]} Rxa2 {[%clk 1:05:03]} 46. Rxa2
{[%clk 0:40:47]} Rxa2 {[%clk 1:05:27]} 47. Rxa2 {[%clk 0:41:07]} b3 {[%clk
1:05:54]} 48. Ra6+ {[%clk 0:41:21]} Ke5 {[%clk 1:06:12]} 49. d6 {[%clk 0:40:26]}
Ke6 {[%clk 1:06:32]} 50. Rb6 {[%clk 0:35:36]} c2 {[%clk 1:06:38]} 51. Rc6 {[%clk
0:35:11]} b2 {[%clk 1:06:56]} 52. Rxc2 {[%clk 0:35:33]} b1Q {[%clk 1:07:17]} 53.
Rd2 {[%clk 0:35:51]} Kd7 {[%clk 1:06:50]} 54. f4 {[%clk 0:30:21]} Qh1 {[%clk
1:06:57]} 55. Rd3 {[%clk 0:26:10]} Qh2+ {[%clk 1:07:00]} 56. Ke1 {[%clk 0:25:35]}
Qxh3 {[%clk 1:07:17]} 57. Kd2 {[%clk 0:25:52]} Qg2+ {[%clk 1:07:05]} 58. Kc3
{[%clk 0:26:07]} Qc6+ {[%clk 1:07:30]} 59. Kd4 {[%clk 0:24:32]} Kxd6 {[%clk
1:07:41]} 60. Ke3+ {[%clk 0:24:32]} Ke6 {[%clk 1:08:02]} 0-1

[Event "Baku Chess Olympiad | Open"]
[Site "chess24.com"]
[Date "2016.09.12"]
[Round "10"]
[White "Cox, Valentine"]
[Black "Pierre, Jn Claude"]
[Result "1/2-1/2"]
[Board "3"]
[WhiteID "10400095"]
[WhiteElo "1867"]
[WhiteCountry "BAH"]
[WhiteFideId "10400095"]
[WhiteEloChange "1"]
[BlackID "11900253"]
[BlackElo "1912"]
[BlackCountry "HAI"]
[BlackFideId "11900253"]
[BlackEloChange "-1"]

1. e4 {[%clk 1:30:45]} c5 {[%clk 1:30:41]} 2. Nf3 {[%clk 1:31:08]} d6 {[%clk
1:31:03]} 3. d4 {[%clk 1:31:32]} cxd4 {[%clk 1:31:05]} 4. Nxd4 {[%clk 1:31:50]}
Nf6 {[%clk 1:31:25]} 5. Nc3 {[%clk 1:32:12]} a6 {[%clk 1:31:43]} 6. Be2 {[%clk
1:29:54]} e5 {[%clk 1:31:58]} 7. Nb3 {[%clk 1:30:08]} Be7 {[%clk 1:32:08]} 8. Be3
{[%clk 1:26:59]} O-O {[%clk 1:30:54]} 9. Qd2 {[%clk 1:26:32]} b5 {[%clk 1:31:13]}
10. f3 {[%clk 1:25:13]} Bb7 {[%clk 1:30:40]} 11. O-O-O {[%clk 1:24:17]} Nc6
{[%clk 1:30:38]} 12. g4 {[%clk 1:24:07]} Na5 {[%clk 1:29:37]} 13. Nxa5 {[%clk
1:23:42]} Qxa5 {[%clk 1:30:00]} 14. Kb1 {[%clk 1:24:03]} b4 {[%clk 1:29:28]} 15.
Nd5 {[%clk 1:22:30]} Nxd5 {[%clk 1:29:28]} 16. exd5 {[%clk 1:22:51]} Rfc8 {[%clk
1:29:01]} 17. a3 {[%clk 1:22:50]} Qc7 {[%clk 1:28:58]} 18. axb4 {[%clk 1:19:47]}
Qd7 {[%clk 1:26:39]} 19. h4 {[%clk 1:15:35]} a5 {[%clk 1:25:53]} 20. b5 {[%clk
1:14:57]} a4 {[%clk 1:26:16]} 21. h5 {[%clk 1:02:55]} a3 {[%clk 1:26:00]} 22. b3
{[%clk 1:03:13]} Bd8 {[%clk 1:25:51]} 23. Rc1 {[%clk 0:54:45]} Ba5 {[%clk
1:24:51]} 24. b4 {[%clk 0:54:37]} a2+ {[%clk 1:23:44]} 25. Ka1 {[%clk 0:54:58]}
Bd8 {[%clk 1:23:51]} 26. g5 {[%clk 0:42:56]} f5 {[%clk 1:21:35]} 27. gxf6 {[%clk
0:33:31]} Bxf6 {[%clk 1:21:30]} 28. Rhg1 {[%clk 0:20:54]} Qc7 {[%clk 1:20:32]}
29. c4 {[%clk 0:20:28]} Kh8 {[%clk 1:19:08]} 30. Bg5 {[%clk 0:20:18]} Qe7 {[%clk
1:16:17]} 31. Bxf6 {[%clk 0:20:38]} Qxf6 {[%clk 1:15:41]} 32. Qg5 {[%clk
0:21:02]} Qxg5 {[%clk 1:15:50]} 33. Rxg5 {[%clk 0:21:26]} Bxd5 {[%clk 1:16:13]}
34. f4 {[%clk 0:20:36]} h6 {[%clk 1:16:25]} 35. Rg6 {[%clk 0:18:36]} Be4 {[%clk
1:16:26]} 36. Rxd6 {[%clk 0:18:42]} exf4 {[%clk 1:16:16]} 37. Bd3 {[%clk
0:15:25]} Bg2 {[%clk 1:16:19]} 38. Ra6 {[%clk 0:14:20]} f3 {[%clk 1:16:06]} 39.
Bf1 {[%clk 0:13:09]} Rab8 {[%clk 1:14:44]} 40. Rc6 {[%clk 0:38:38]} Rf8 {[%clk
1:44:25]} 41. Rg6 {[%clk 0:34:13]} Bxf1 {[%clk 1:42:56]} 42. Rxf1 {[%clk
0:34:25]} Rbe8 {[%clk 1:43:21]} 43. Kxa2 {[%clk 0:32:32]} f2 {[%clk 1:43:37]} 44.
Rd6 {[%clk 0:27:05]} Re2+ {[%clk 1:43:06]} 45. Kb1 {[%clk 0:27:05]} Re1+ {[%clk
1:43:06]} 46. Rd1 {[%clk 0:26:44]} Rxd1+ {[%clk 1:43:34]} 47. Rxd1 {[%clk
0:26:58]} f1Q {[%clk 1:43:46]} 48. Rxf1 {[%clk 0:27:20]} Rxf1+ {[%clk 1:43:59]}
49. Kc2 {[%clk 0:27:28]} Rf2+ {[%clk 1:40:37]} 50. Kb3 {[%clk 0:26:44]} g5 {[%clk
1:39:29]} 51. hxg6 {[%clk 0:21:14]} h5 {[%clk 1:39:51]} 52. b6 {[%clk 0:21:41]}
h4 {[%clk 1:39:50]} 53. b7 {[%clk 0:18:22]} Rf8 {[%clk 1:40:14]} 54. c5 {[%clk
0:18:36]} h3 {[%clk 1:40:08]} 55. c6 {[%clk 0:19:04]} h2 {[%clk 1:40:22]} 56. c7
{[%clk 0:19:21]} h1Q {[%clk 1:37:58]} 57. c8Q {[%clk 0:18:47]} Qf3+ {[%clk
1:33:32]} 58. Ka4 {[%clk 0:18:11]} Qd1+ {[%clk 1:32:58]} 59. Ka5 {[%clk 0:16:12]}
Qa1+ {[%clk 1:31:45]} 60. Kb5 {[%clk 0:15:28]} Qe5+ {[%clk 1:32:02]} 61. Kb6
{[%clk 0:11:45]} Qd4+ {[%clk 1:27:07]} 62. Ka5 {[%clk 0:11:06]} Qa1+ {[%clk
1:25:12]} 63. Kb5 {[%clk 0:11:13]} Qf1+ {[%clk 1:25:28]} 64. Kb6 {[%clk 0:08:39]}
Qf2+ {[%clk 1:25:18]} 65. Ka6 {[%clk 0:07:33]} Qf6+ {[%clk 1:20:37]} 66. Ka7
{[%clk 0:06:54]} Qd4+ {[%clk 1:20:44]} 67. Qc5 {[%clk 0:06:27]} Qa1+ {[%clk
1:16:18]} 68. Qa5 {[%clk 0:06:46]} Qd4+ {[%clk 1:13:33]} 69. Qc5 {[%clk 0:07:02]}
Qa1+ {[%clk 1:13:38]} 70. Qa5 {[%clk 0:07:01]} Qd4+ {[%clk 1:08:56]} 1/2-1/2

[Event "Baku Chess Olympiad | Open"]
[Site "chess24.com"]
[Date "2016.09.12"]
[Round "10"]
[White "Mannhart, Marcel"]
[Black "Salim Mohammed Salim Al Amri"]
[Result "1-0"]
[Board "1"]
[WhiteID "12000108"]
[WhiteElo "2128"]
[WhiteTitle "CM"]
[WhiteCountry "LIE"]
[WhiteFideId "12000108"]
[WhiteEloChange "8"]
[BlackID "22000089"]
[BlackElo "2050"]
[BlackTitle "FM"]
[BlackCountry "OMA"]
[BlackFideId "22000089"]
[BlackEloChange "-8"]

1. Nc3 {[%clk 1:30:57]} Nf6 {[%clk 1:30:46]} 2. e4 {[%clk 1:31:15]} d5 {[%clk
1:30:54]} 3. e5 {[%clk 1:31:27]} d4 {[%clk 1:31:12]} 4. Nce2 {[%clk 1:31:05]} Ng4
{[%clk 1:31:21]} 5. f4 {[%clk 1:29:15]} h5 {[%clk 1:29:10]} 6. Nf3 {[%clk
1:28:51]} c5 {[%clk 1:29:10]} 7. Ng3 {[%clk 1:12:25]} g6 {[%clk 1:12:56]} 8. Ne4
{[%clk 1:02:07]} Qa5 {[%clk 1:12:42]} 9. Qe2 {[%clk 0:57:00]} a6 {[%clk 1:03:43]}
10. c3 {[%clk 0:54:30]} Nc6 {[%clk 1:01:44]} 11. g3 {[%clk 0:51:39]} Bf5 {[%clk
0:54:08]} 12. Nfg5 {[%clk 0:44:00]} Rd8 {[%clk 0:51:13]} 13. h3 {[%clk 0:36:38]}
d3 {[%clk 0:36:22]} 14. Qf3 {[%clk 0:35:26]} Ngxe5 {[%clk 0:35:57]} 15. fxe5
{[%clk 0:35:47]} Nxe5 {[%clk 0:36:20]} 16. Qe3 {[%clk 0:29:10]} c4 {[%clk
0:35:03]} 17. Bg2 {[%clk 0:26:58]} Bh6 {[%clk 0:30:56]} 18. h4 {[%clk 0:22:27]}
f6 {[%clk 0:29:51]} 19. Qc5 {[%clk 0:20:57]} Qxc5 {[%clk 0:29:17]} 20. Nxc5
{[%clk 0:21:22]} fxg5 {[%clk 0:29:16]} 21. Nxb7 {[%clk 0:21:27]} Rc8 {[%clk
0:29:29]} 22. b3 {[%clk 0:20:38]} gxh4 {[%clk 0:29:02]} 23. gxh4 {[%clk 0:20:58]}
Bf4 {[%clk 0:29:13]} 24. O-O {[%clk 0:19:49]} Bg3 {[%clk 0:29:06]} 25. Ba3 {[%clk
0:19:35]} Bg4 {[%clk 0:25:07]} 26. Bc5 {[%clk 0:18:35]} Be2 {[%clk 0:24:31]} 27.
Bd4 {[%clk 0:18:35]} Bxf1 {[%clk 0:22:16]} 28. Rxf1 {[%clk 0:15:55]} Rf8 {[%clk
0:22:14]} 29. Nc5 {[%clk 0:12:51]} a5 {[%clk 0:17:34]} 30. Rxf8+ {[%clk 0:11:32]}
Kxf8 {[%clk 0:17:28]} 31. Bb7 {[%clk 0:11:50]} Rxc5 {[%clk 0:15:12]} 32. Bxc5
{[%clk 0:11:44]} Bf4 {[%clk 0:14:13]} 33. Bd4 {[%clk 0:11:56]} Nd7 {[%clk
0:13:38]} 34. Be4 {[%clk 0:11:37]} e5 {[%clk 0:13:30]} 35. Bf2 {[%clk 0:11:20]}
Nf6 {[%clk 0:10:55]} 36. Bxg6 {[%clk 0:11:37]} Bxd2 {[%clk 0:10:53]} 37. bxc4
{[%clk 0:11:53]} Bxc3 {[%clk 0:09:22]} 38. Bxd3 {[%clk 0:12:13]} Ke7 {[%clk
0:08:31]} 39. Bg6 {[%clk 0:05:41]} Bd2 {[%clk 0:06:59]} 40. Kf1 {[%clk 0:35:54]}
Kd6 {[%clk 0:36:28]} 41. Ke2 {[%clk 0:35:25]} Bf4 {[%clk 0:35:56]} 42. Kd3 {[%clk
0:34:09]} Ke6 {[%clk 0:30:43]} 43. Be1 {[%clk 0:29:05]} a4 {[%clk 0:30:37]} 44.
Kc3 {[%clk 0:28:49]} a3 {[%clk 0:28:29]} 45. Kb4 {[%clk 0:28:22]} Bc1 {[%clk
0:28:44]} 46. Kb5 {[%clk 0:28:45]} e4 {[%clk 0:28:59]} 47. c5 {[%clk 0:27:25]} e3
{[%clk 0:28:38]} 48. c6 {[%clk 0:24:40]} Nd5 {[%clk 0:13:45]} 49. Bxh5 {[%clk
0:24:30]} Bb2 {[%clk 0:12:47]} 50. Kc5 {[%clk 0:23:33]} Nc7 {[%clk 0:07:34]} 51.
Bg4+ {[%clk 0:21:39]} Kf6 {[%clk 0:07:34]} 52. Bg3 {[%clk 0:19:34]} Be5 {[%clk
0:07:28]} 53. Bxe5+ {[%clk 0:19:22]} Kxe5 {[%clk 0:07:52]} 54. Be2 {[%clk
0:15:46]} Ne6+ {[%clk 0:07:52]} 55. Kb6 {[%clk 0:15:46]} Kd6 {[%clk 0:06:48]} 56.
h5 {[%clk 0:09:52]} Nf4 {[%clk 0:07:01]} 57. Bf3 {[%clk 0:09:44]} Ne6 {[%clk
0:04:30]} 58. h6 {[%clk 0:09:52]} Nc7 {[%clk 0:00:32]} 59. h7 {[%clk 0:09:50]}
1-0